Řízení mezinárodní specializace a kooperace výroby.

Uložené v:
Podrobná bibliografia
Médium: Kniha
Jazyk:Czech
Vydané: Praha : Státní pedagogické nakladatelství, 1986.
Vydanie:1. vyd.
Edícia:Acta oeconomica Pragensia
ISBN: (brož.)
Fyzický popis: 173 s.
Tagy: Pridať tag
Žiadne tagy, Buďte prvý kto otaguje tento záznam!

MARC

LEADER 00000nam a22000004a 4500
001 000404792
005 20121004145205.0
008 121004s1986 xr e cze d
020 |a (brož.)  |c Kčs 19,50 
040 |a SVKKK  |b slo  |c SVKKK  |e AACR2 
041 0 |a cze 
044 |a xr  |c CZ 
245 0 0 |a Řízení mezinárodní specializace a kooperace výroby. 
250 |a 1. vyd. 
260 |a Praha :  |b Státní pedagogické nakladatelství,  |c 1986. 
300 |a 173 s. 
366 |e 250 výt. 
490 1 |a Acta oeconomica Pragensia  |v sv. 1 
830 0 |a Acta oeconomica Pragensia 
910 |a svkkk 
998 |a BK 
090 |g SCKHL  |k Sklad Pribinova prízemie  |a IV.130702  |j 749179  |i B265606  |s Absenčne